000 01905cam a22002054a 4500
005 20250605163345.0
008 250528s ||||||||||||||||||||||||d
035 _a17530
020 _a9601208321
040 _aGR-AtMCL
_bgre
_dGR-AtMCL
_eAACR2
245 1 _aΔιαφήμιση / Σχεδιασμός και Λειτουργία στα Πλαίσια της Επιχείρησης και του Διαφημιστικού Γραφείου
250 _a
260 _bUniversity Studio Press,
_c2000
300 _a412
520 _aΈννοιες, αρχές και τρόπος ''διοίκησης'' της Διαφήμισης. Εισαγωγή στη Διαφήμιση, Η Σχεδίαση του Προγράμματος Μάρκετινγκ και του Προγράμματος της Διαφήμισης, Διαμόρφωση Διαφημιστικών Στόχων, Καθορισμός Διαφημιστικού Προυπολογισμού, Η Σχεδίαση και Η Ανάπτυξη της Διαφήμισης, Η Διαμόρφωση του Περιγράμματος, Η Διαμόρφωση του Διαφημιστικού Κειμένου, Η Απεικόνιση της Διαφήμισης, Σχεδιασμός για την Επιλογή των Μέσων Μαζικής Επικοινωνίας, Έλεγχος Αποτελεσματικότητας της Διαφήμισης, Η Οργάνωση και η Λειτουργία της Διαφημιστικής Εταιρίας, Η Διαφήμιση στο Διαδίκτυο, Επίμετρο: Συνοπτική Παρουσίαση της Διαδικασίας Ανάπτυξης και Ολοκλήρωσης της Διαφήμισης, Βιβλιογραφία, Κατάλογοι, Ευρετήρια.
700 1 _aΖώτος Γιώργος Χ
942 _cBK
999 _c2938
_d2938